[Event "BEL-ch U14"]
[Site "Blankenberge"]
[Date "2017.04.13"]
[Round "7"]
[White "Caudron, Meindert"]
[Black "Faybish, Nathaniel"]
[Result "0-1"]
[WhiteElo "1479"]
[BlackElo "1757"]
[PlyCount "90"]
[EventDate "2017.04.09"]
[EventType "swiss"]
[EventRounds "9"]
[EventCountry "BEL"]
[SourceTitle "CBM 178 Extra"]
[Source "ChessBase"]
[SourceDate "2017.06.22"]
[SourceVersion "1"]
[SourceVersionDate "2017.06.22"]
[SourceQuality "1"]

1. e4 e5 2. f4 exf4 3. Bc4 Be7 4. d4 Bh4+ 5. Kf1 d5 6. Bxd5 Nf6 7. Nc3 Bg4 8. Qd3 c6 9. Bb3 Nh5 10. Nce2 Bg5 11. c3 0-0 12. Bc2 Nd7 13. Nf3 Bh6 14. b3 Qe7 15. Bb2 g6 16. c4 Bg7 17. Re1 Rad8 18. Bc3 Nc5 19. Bb4 Nxd3 20. Bxe7 Nxe1 21. Kxe1 Bxf3 22. gxf3 Bxd4 23. Bxf8 Kxf8 24. Nxd4 Rxd4 25. Ke2 Ke7 26. Rd1 Rxd1 27. Bxd1 Ke6 28. a4 a5 29. Kd2 c5 30. Ke2 Ng7 31. Kd2 f5 32. Kc3 fxe4 33. fxe4 g5 34. h3 Ne8 35. Bg4+ Ke5 36. Bf3 Nf6 37. Kd3 h5 38. Be2 g4 39. hxg4 hxg4 40. Bd1 f3 41. Kd2 Kd4 42. Ke1 Nxe4 43. Kf1 Ke3 44. Ke1 f2+ 45. Kf1 Nd2+ 0-1

[Event "BEL-ch U14"]
[Site "Blankenberge"]
[Date "2017.04.12"]
[Round "6"]
[White "Rogge, Parcival"]
[Black "Faybish, Nathaniel"]
[Result "0-1"]
[WhiteElo "1538"]
[BlackElo "1757"]
[PlyCount "128"]
[EventDate "2017.04.09"]
[EventType "swiss"]
[EventRounds "9"]
[EventCountry "BEL"]
[SourceTitle "CBM 178 Extra"]
[Source "ChessBase"]
[SourceDate "2017.06.22"]
[SourceVersion "1"]
[SourceVersionDate "2017.06.22"]
[SourceQuality "1"]

1. e4 e5 2. Nf3 d6 3. h3 Nf6 4. d3 Nc6 5. Be2 Be7 6. c3 d5 7. Nbd2 0-0 8. 0-0 b6 9. Qc2 Bb7 10. Re1 Bd6 11. Nf1 Ne7 12. Ng3 c5 13. Bg5 Ng6 14. Rad1 h6 15. Bc1 Re8 16. Nh2 Rc8 17. Ng4 Nxg4 18. Bxg4 Ra8 19. Nf5 d4 20. Qe2 Be7 21. Rf1 Bg5 22. g3 Bc8 23. f4 Bf6 24. Qg2 Ne7 25. Nxe7+ Qxe7 26. Bxc8 Raxc8 27. Rfe1 dxc3 28. bxc3 exf4 29. Bxf4 Bxc3 30. Re2 Rcd8 31. Qf3 Be5 32. Qg4 Bxf4 33. gxf4 Qe6 34. f5 Qf6 35. Qf4 Qe5 36. Qg4 Rd4 37. Rg2 Red8 38. Rgd2 c4 39. Qf3 Qd6 40. Kg2 c3 41. Rc2 Rxd3 42. e5 Qd5 43. Rxd3 Qxd3 44. Rxc3 Qd2+ 45. Kg3 Qxa2 46. f6 Qd5 47. Qf5 Qe6 48. Qxe6 fxe6 49. fxg7 Rd7 50. Rc6 Re7 51. Kf4 Kxg7 52. Ke3 Kf7 53. Kd3 Rb7 54. Kc4 Re7 55. Kb5 Kg6 56. Rc1 Rd7 57. Ka6 Kf5 58. Re1 Kf4 59. h4 Rd5 60. Kxa7 b5 61. Kb6 Rxe5 62. Rxe5 Kxe5 63. Kxb5 Kd4 64. Kb4 e5 0-1

[Event "Wch U12"]
[Site "Durban"]
[Date "2014.09.26"]
[Round "8"]
[White "Faybish, Nathaniel"]
[Black "Sahidi, Samir"]
[Result "0-1"]
[WhiteElo "1612"]
[BlackElo "2039"]
[PlyCount "43"]
[EventDate "2014.09.20"]
[EventType "swiss"]
[EventRounds "11"]
[EventCountry "RSA"]
[SourceTitle "CBM 162 Extra"]
[Source "ChessBase"]
[SourceDate "2014.10.17"]
[SourceVersion "1"]
[SourceVersionDate "2014.10.17"]
[SourceQuality "1"]

1. d4 e6 2. Nf3 Nf6 3. Bf4 b6 4. e3 Bb7 5. Bd3 Be7 6. h3 0-0 7. 0-0 Ne4 8. Nbd2 f5 9. c3 d6 10. Qc2 Nxd2 11. Nxd2 Nd7 12. Bh2 Kh8 13. e4 f4 14. Rad1 e5 15. Nf3 Nf6 16. Rd2 Qd7 17. Re1 g5 18. Bc4 h5 19. dxe5 dxe5 20. Red1 Bc5 21. Bd5 Nxd5 22. Rxd5 0-1

[Event "BEL-ch U12"]
[Site "Blankenberge"]
[Date "2014.04.18"]
[Round "8"]
[White "Faybish, Nathaniel"]
[Black "Da Silva Heleno, Jorit"]
[Result "1-0"]
[WhiteElo "1612"]
[BlackElo "1319"]
[PlyCount "107"]
[EventDate "2014.04.13"]
[EventType "swiss"]
[EventRounds "9"]
[EventCountry "BEL"]
[SourceTitle "EXT 2022"]
[Source "ChessBase"]
[SourceDate "2021.10.06"]
[SourceVersion "1"]
[SourceVersionDate "2021.10.06"]
[SourceQuality "1"]

1. e4 e6 2. b3 d5 3. Bb2 dxe4 4. Nc3 Nf6 5. Qe2 Nbd7 6. Nxe4 Be7 7. Nf3 0-0 8. 0-0-0 a5 9. a4 b6 10. h3 Bb7 11. Nxf6+ Bxf6 12. d4 Rc8 13. g4 h6 14. Bg2 Qe7 15. Rdg1 c5 16. Nd2 Bxg2 17. Rxg2 cxd4 18. f4 Rc7 19. Rhg1 Rfc8 20. Nc4 g5 21. h4 Nf8 22. fxg5 hxg5 23. h5 Rc5 24. Rf1 Nh7 25. Rgf2 b5 26. axb5 Rxb5 27. Nd6 Rxc2+ 28. Qxc2 Qxd6 29. Kb1 Kg7 30. Qd3 Rd5 31. h6+ Kh8 32. Rxf6 Nxf6 33. Rxf6 Qf8 34. Qf3 Rd7 35. Qf2 e5 36. Qe1 Rd5 37. Qe4 Qe7 38. Qxd5 Qxf6 39. Qxa5 d3 40. Qa8+ Kh7 41. Qe4+ Kxh6 42. Qxd3 Qf4 43. Qe2 f6 44. Bc3 e4 45. Qa6 e3 46. Qxf6+ Qxf6 47. Bxf6 Kg6 48. Bc3 Kf7 49. Kc2 Ke6 50. Kd3 Kd5 51. Kxe3 Ke6 52. Ke4 Kd6 53. Kf5 Kd5 54. Kxg5 1-0

[Event "BEL-ch U12"]
[Site "Blankenberge"]
[Date "2014.04.14"]
[Round "2"]
[White "Faybish, Nathaniel"]
[Black "Bikady, Luka"]
[Result "1-0"]
[WhiteElo "1612"]
[BlackElo "1195"]
[PlyCount "121"]
[EventDate "2014.04.13"]
[EventType "swiss"]
[EventRounds "9"]
[EventCountry "BEL"]
[SourceTitle "EXT 2022"]
[Source "ChessBase"]
[SourceDate "2021.10.06"]
[SourceVersion "1"]
[SourceVersionDate "2021.10.06"]
[SourceQuality "1"]

1. e4 e6 2. d4 d5 3. exd5 exd5 4. Bd3 Bd6 5. Ne2 Ne7 6. Bf4 Nbc6 7. c3 0-0 8. 0-0 Re8 9. Nd2 Bf5 10. Qc2 Bg6 11. Rfe1 Qd7 12. Rad1 Rad8 13. Nb3 b6 14. Nd2 Nb8 15. Nf3 f6 16. Bxg6 Nxg6 17. Bxd6 Qxd6 18. c4 c6 19. Rc1 Na6 20. a3 Rc8 21. Ng3 Ne7 22. Re2 c5 23. Rce1 Qd7 24. cxd5 cxd4 25. Qd3 Nc7 26. d6 Qxd6 27. Qxd4 Qxd4 28. Nxd4 Ncd5 29. Ngf5 Rc7 30. Nb5 Rd7 31. Nbd6 Red8 32. Nxe7+ Nxe7 33. Rxe7 Rxe7 34. Rxe7 Rxd6 35. g3 a5 36. Rb7 Kf8 37. Kg2 Ke8 38. Rxg7 h6 39. Rh7 f5 40. h3 Kf8 41. g4 f4 42. h4 Rg6 43. Kh3 Kg8 44. Rb7 Kf8 45. f3 Ke8 46. h5 Rf6 47. Kh4 Kf8 48. g5 Re6 49. gxh6 Rxh6 50. Kg5 Re6 51. h6 Kg8 52. h7+ Kh8 53. Kxf4 Rf6+ 54. Ke4 Re6+ 55. Kf5 Rc6 56. f4 Rd6 57. Kg5 a4 58. f5 b5 59. f6 b4 60. Kg6 bxa3 61. Rb8+ 1-0

[Event "NED-ch U10"]
[Site "Borne"]
[Date "2013.08.07"]
[Round "7"]
[White "Faybish, Nathaniel"]
[Black "Bourgonjen, Thijmen"]
[Result "1-0"]
[WhiteElo "1339"]
[BlackElo "1182"]
[PlyCount "81"]
[EventDate "2013.04.??"]
[EventType "swiss"]
[EventRounds "12"]
[EventCountry "NED"]
[SourceTitle "EXT 2015"]
[Source "ChessBase"]
[SourceDate "2014.11.20"]
[SourceVersion "1"]
[SourceVersionDate "2014.11.20"]
[SourceQuality "1"]

1. d4 c6 2. Bf4 d5 3. Nf3 Bf5 4. e3 Nf6 5. Bd3 Bxd3 6. Qxd3 Qa5+ 7. c3 Qa6 8. Qxa6 Nxa6 9. Nbd2 e6 10. 0-0 Be7 11. h3 0-0 12. Ne5 Rfd8 13. Rfe1 Nd7 14. Ndf3 Nxe5 15. Nxe5 f6 16. Nd3 Rac8 17. Rad1 c5 18. e4 cxd4 19. cxd4 dxe4 20. Rxe4 Kf7 21. Rde1 Rc6 22. a3 f5 23. Ne5+ Kf6 24. Nxc6 fxe4 25. Nxd8 Bxd8 26. Rxe4 Kf5 27. f3 g5 28. g4+ Kf6 29. Be5+ Kg6 30. f4 h6 31. Kg2 Bc7 32. fxg5 Kxg5 33. Bxc7 Nxc7 34. Kg3 Kf6 35. h4 b6 36. Re5 Kg6 37. Kf4 Nd5+ 38. Rxd5 exd5 39. Ke5 Kf7 40. Kxd5 Ke7 41. g5 1-0

[Event "NED-ch U10"]
[Site "Borne"]
[Date "2013.08.06"]
[Round "3"]
[White "Faybish, Nathaniel"]
[Black "De Haas, Tristan"]
[Result "1-0"]
[WhiteElo "1339"]
[BlackElo "880"]
[PlyCount "95"]
[EventDate "2013.04.??"]
[EventType "swiss"]
[EventRounds "12"]
[EventCountry "NED"]
[SourceTitle "EXT 2015"]
[Source "ChessBase"]
[SourceDate "2014.11.20"]
[SourceVersion "1"]
[SourceVersionDate "2014.11.20"]
[SourceQuality "1"]

1. e4 e5 2. d4 d6 3. dxe5 Nc6 4. exd6 Qxd6 5. Qxd6 Bxd6 6. Bb5 Bd7 7. Nf3 0-0-0 8. 0-0 a6 9. Bc4 Be6 10. Bxe6+ fxe6 11. c3 Ne5 12. Nxe5 Bxe5 13. Nd2 Bf4 14. Nf3 Bxc1 15. Raxc1 Ne7 16. Ng5 Rd2 17. Rb1 e5 18. Nf7 Rf8 19. Nxe5 Re2 20. f3 Ng6 21. Nxg6 hxg6 22. Rf2 Re3 23. Rd2 Kb8 24. Rbd1 Rf7 25. Rf2 g5 26. h3 g6 27. Kf1 g4 28. Re2 Rxe2 29. Kxe2 gxf3+ 30. gxf3 Rh7 31. Rh1 Kc8 32. Ke3 Kd7 33. f4 Ke6 34. h4 Ke7 35. Kf3 Kf6 36. e5+ Ke6 37. Kg4 c6 38. Rd1 Rc7 39. Rd6+ Kf7 40. Kg5 b5 41. Rxg6 a5 42. e6+ Kf8 43. f5 c5 44. f6 b4 45. e7+ Kf7 46. Rg7+ Ke8 47. Rg8+ Kd7 48. e8Q+ 1-0

[Event "NED-ch U10"]
[Site "Borne"]
[Date "2013.08.05"]
[Round "1"]
[White "Faybish, Nathaniel"]
[Black "Schelleman, Martijn"]
[Result "1-0"]
[WhiteElo "1339"]
[BlackElo "597"]
[PlyCount "111"]
[EventDate "2013.04.??"]
[EventType "swiss"]
[EventRounds "12"]
[EventCountry "NED"]
[SourceTitle "EXT 2015"]
[Source "ChessBase"]
[SourceDate "2014.11.20"]
[SourceVersion "1"]
[SourceVersionDate "2014.11.20"]
[SourceQuality "1"]

1. e4 e5 2. Nf3 Nc6 3. d3 Nf6 4. Be2 Bc5 5. Nc3 d6 6. Bg5 h6 7. Bh4 0-0 8. Nd5 Be6 9. Nxf6+ gxf6 10. Qd2 Kh7 11. 0-0 Rg8 12. Kh1 Qf8 13. Bxf6 Nb8 14. Ne1 Nd7 15. Bh4 Qg7 16. b4 Bd4 17. c3 Bb6 18. Bg3 Qf6 19. f4 exf4 20. Bxf4 Qg7 21. Bg3 Nf6 22. Qf4 Bg4 23. Bxg4 Nxg4 24. Qxf7 Raf8 25. Qxg7+ Kxg7 26. Nf3 Ne3 27. Rfc1 Ng4 28. Rc2 Be3 29. Re2 Bg5 30. Nxg5 hxg5 31. h3 Nf6 32. Kg1 Nh5 33. Bf2 Nf4 34. Rd2 Kh7 35. Be3 g4 36. Bxf4 Rxf4 37. hxg4 Rfxg4 38. Rf1 Kh8 39. Rf7 R4g7 40. Rdf2 Rxf7 41. Rxf7 Rc8 42. Kf2 Kg8 43. Rd7 Kf8 44. g4 Ke8 45. Rh7 Kd8 46. Rh8+ Kd7 47. Rxc8 Kxc8 48. Kf3 Kd8 49. Kf4 Ke8 50. Kg5 Kf8 51. Kf6 b6 52. b5 c5 53. bxc6 Ke8 54. Ke6 Kd8 55. Kxd6 Kc8 56. g5 1-0